Hydratácia cementových kompozitov s rôznym modifikovaným spojivom

Na minha lista:
Detalhes bibliográficos
Autor principal: Pavúková, Veronika (Author)
Outros Autores: Štefunková, Zuzana (Thesis advisor)
Formato: Manuscrito Livro
Idioma:eslovaco
Publicado em: 2022
Assuntos:
Acesso em linha:http://is.stuba.sk/zp/portal_zp.pl?podrobnosti=172299
https://opac.crzp.sk/?fn=detailBiblioForm&sid=2990E1F3D3E2554671833459E9F3
Tags: Adicionar Tag
Sem tags, seja o primeiro a adicionar uma tag!

MARC

LEADER 00000ntm a22000003a 4500
001 stuzp90918
003 SK-STU
005 20230509135657.9
007 ta
008 150427s2015----xo-----f-mn---000-0-slo-d
040 |a STU  |b slo 
041 0 |a slo 
100 1 |a Pavúková, Veronika  |u 010200  |4 aut  |U SvF Stavebná fakulta  |T SvF Katedra materiálového inžinierstva a fyziky  |X 75834  |U V200  |Y 844  |7 75834 
242 0 1 |a Hydration of Cement Composites with Various Modified Binder  |y eng 
245 1 0 |a Hydratácia cementových kompozitov s rôznym modifikovaným spojivom 
260 |c 2022 
650 4 |a termická analýza  |2 slo 
650 4 |a hydratácia  |2 slo 
650 4 |a cement  |2 slo 
650 4 |a popolček  |2 slo 
650 4 |a zeolit  |2 slo 
650 4 |a metakaolin  |2 slo 
650 4 |a röntgenová difrakčná analýza  |2 slo 
650 4 |a hydration  |2 eng 
650 4 |a cement  |2 eng 
650 4 |a zeolite  |2 eng 
650 4 |a metakaolin  |2 eng 
650 4 |a X ray diffraction analysis  |2 eng 
650 4 |a fly ash  |2 eng 
650 4 |a thermal analysis  |2 eng 
700 1 |a Štefunková, Zuzana  |u 010200  |k Z1  |4 ths  |U SvF Stavebná fakulta  |T SvF Katedra materiálového inžinierstva a fyziky  |X 24756  |U V200  |Y 844  |7 A000024756 
856 4 |u http://is.stuba.sk/zp/portal_zp.pl?podrobnosti=172299 
856 4 |u https://opac.crzp.sk/?fn=detailBiblioForm&sid=2990E1F3D3E2554671833459E9F3